000 00617cam1a220021700 4500
001 tmp15336636
003 UPRA
005 20190815105854.0
008 950731s1955 ne dut u
035 _a(Sirsi) r121193
035 _a(UPRA)tmp15336636
040 _cUPRA
100 0 _aHomer.
_6A32201.1
245 1 0 _aIlias, Odyssee /
_c[ed. by] J.C. Bruijn [and] C. Spoelder.
250 _a5de druk.
260 _aHaarlem :
_bH.D. Tjeenk Willink,
_c1955.
700 1 _aBruijn, J. C.
_6A88374.1
700 1 _aSpoelder, Cornelis.
_6A88375.1
949 _aPA4018
_wlcc
_i-174224
_mMAIN
_tBOOK
_lON-SHELF
004 121193
999 _c68605
_d68605